Film : Antonymes - Statistiques

Statistiques générales
  • Ce quiz a été pris 654 fois
    580 depuis la dernière actualisation
  • Le résultat moyen est 4 sur 12
Statistiques - réponses
Hint Réponse % Correct
Départ pour le passé Retour Vers le Futur
85%
Henry Rettop et le bol d'eau Harry Potter et la coupe de feu
77%
Les Paix de la Terre La Guerre des Etoiles /ou\ La Guerre des Mondes
58%
SOO 711 : Sao Paulo raccroche encore ! OSS 117 : Rio ne répond plus !
57%
Crétacé Square Jurassic Park
45%
Humilité et Vérité Orgueil et Préjugés
30%
La dernière fois je louperais les poumons La prochaine fois je viserai le coeur
24%
Voici le début ! C'est la fin !
19%
Le Capturé Le Fugitif
18%
Commenc'araison Terminator
14%
Les esclave de l'alliance Le Seigneur des Anneaux
12%
Terre 22 Ocean's Eleven
6%
Aucun quiz correspondant
Distribution des résultats
% des personnes avec chaque résultat
Percentile par nombre de réponses
Votre historique - résultats
Vous n’avez pas pris ce quiz depuis la dernière actualisation